Bàn về dự thảo thông tư liên tích hướng dẫn điều 284B Bộ luật tố tụng dân sự sửa đổi, bổ sung năm 2011 /

Đã lưu trong:
書目詳細資料
主要作者: Nguyễn Hồng Nam, ThS.
格式: Bài viết
語言:Vietnamese
主題:
標簽: 添加標簽
沒有標簽, 成為第一個標記此記錄!
Thư viện lưu trữ: Thư viện Trường Đại học Đà Lạt
LEADER 00865nam a2200265 4500
001 DLU130148331
005 ##20130607
040 # # |a DLU  |b vie 
041 # # |a vie 
044 # # |a vn 
100 # # |a Nguyễn Hồng Nam,   |c ThS. 
245 # # |a Bàn về dự thảo thông tư liên tích hướng dẫn điều 284B Bộ luật tố tụng dân sự sửa đổi, bổ sung năm 2011 /  |c Nguyễn Hồng Nam. 
653 # # |a Bản án 
653 # # |a Hồ sơ vụ án 
653 # # |a Thủ tục giám đốc thẩm 
773 # # |t Tạp chí Tòa án nhân dân   |g Số 11, 2012, tr. 10-13 
920 # # |a Phòng Tạp chí -- Trung tâm Thông tin - Thư viện Trường Đại học Đà Lạt 
994 # # |a DLU 
900 # # |a True 
911 # # |a Nguyễn Thị Linh Chi 
925 # # |a G 
926 # # |a A 
927 # # |a BB 
980 # # |a Thư viện Trường Đại học Đà Lạt